000 00721nam a22002417a 4500
003 UA-OsUOA
001 111883
007 ta
008 20150609b un ||||| |||| 00| 0 ukr d
100 _aАгібалова К. В.
700 _aДонськой Г. М.
090 _a94(100)"04/14"
_bА24
942 _cBK
040 _aUA-OsUOA
_bukr
_cUA-OsUOA
_dUA-OsUOA
245 _aІсторія середніх віків
_bпідручник для 6 класу
300 _a280 с.
955 _a2
041 _aukr
080 _a94(100)"04/14"
260 _aК.
_bРадянська школа
_c1962
650 7 _a9 Географія. Біографії. Історія
_2UDC
999 _c398237
_d398237